UEFA- Les Pays invaincus sur une édition (Football Masculin) - Statistiques

Statistiques générales
  • Ce quiz a été pris 1 000 fois
    199 depuis la dernière actualisation
  • Le résultat moyen est 28 sur 31
Statistiques - réponses
Année Résultat Pays % Correct
1996 Vainqueur Allemagne
97%
1972 Vainqueur Allemagne de l'Ouest
97%
1976 Finaliste Allemagne de l'Ouest
97%
1980 Vainqueur Allemagne de l'Ouest
97%
1984 Vainqueur France
97%
1996 Demi-Finales France
97%
2020 1/8èmes de Finale France
97%
1964 Vainqueur Espagne
96%
1996 Quarts de Finale Espagne
96%
2008 Vainqueur Espagne
96%
2012 Vainqueur Espagne
96%
2020 Demi-Finales Espagne
96%
2024 Vainqueur Espagne
96%
1968 Vainqueur Italie
95%
1980 4ème Italie
95%
2004 Phase de Poules Italie
95%
2020 Vainqueur Italie
95%
2016 Vainqueur Portugal
95%
1996 Demi-Finales Angleterre
94%
2012 Quarts de Finale Angleterre
94%
2020 Finaliste Angleterre
94%
1992 Demi-Finales Pays-Bas
87%
2000 Demi-Finales Pays-Bas
87%
2016 1/8èmes de Finale Suisse
85%
2024 Quarts de Finale Suisse
85%
1960 Vainqueur Union Soviétique
83%
2008 Quarts de Finale Croatie
77%
2004 Quarts de Finale Suède
73%
2016 Quarts de Finale Pologne
69%
1976 Vainqueur Tchécoslovaquie
52%
2024 1/8èmes de Finale Slovénie
43%
Aucun quiz correspondant
Distribution des résultats
% des personnes avec chaque résultat
Percentile par nombre de réponses
Votre historique - résultats
Vous n’avez pas pris ce quiz depuis la dernière actualisation